00904nam a2200205 a 450000100100000000500170001000800410002704000250006808200170009310000450011024500760015526000740023130000280030550000430033365000300037691000390040695201150044595201210056099900170068100003141820240322181140.0110622s1957 dr a 000 0 spa d aDO-SdBNPbspacBNPHU a780.9bN789g1 aNolasco, Flérida de,d1891-197693515110aGrandes momentos de la historia de la música /cFlérida de Nolasco. aCiudad Trujillo, República Dominicana :bEditora del Caribe,c1957. a256 p. :bil. ;c21 cm. aIncluye notas al pie de las páginas. 4aMúsicaxHistoria957831 aValidado. Control de calidad BNPHU 001050718RVaPDbPDcHDd2011-06-22iLF1l0o780.9 N789gp31418-10r2020-06-25w2020-06-25y1ZNo se presta 001050718RVaPDbPDcHDd2012-03-21iLF1l0o780.9 N789gp31418-20r2020-06-25te. 2w2020-06-25y1ZNo se presta c30910d30910